000
00307nam a2200109Ia 4500
008
171211s9999 xx 000 0 und d
245
_a
How To Draw Pets: With Colored Pencils
245
_c
Jasmina Susak
260
_c
2008
650
_x
Drawing
856
_u
http://down.ebook777.com/HowToDraPetWitColPen.epub
999
_c
348064
_d
348064